00354 a2200109 4500001001000000005001700010008004100027245006600068100001700134773007600151999001700227ART_1375120260410161910.0260409a 10aDistribución del ingreso y consumo de alimentos en México1 aLustig, Nora0 tDemografía y economíag- Vol. XIV, Nº42 (abr./jun. 1980)wREV13200 c26752d26752